[Event "Paris-ch op-A"]
[Site "Paris"]
[Date "2010.07.06"]
[Round "4"]
[White "Elkaim, Olivier"]
[Black "Huguet, Etienne"]
[Result "1-0"]
[WhiteElo "2100"]
[BlackElo "1966"]
[PlyCount "35"]
[EventDate "2010.07.03"]
[EventType "swiss"]
[EventRounds "9"]
[EventCountry "FRA"]
[SourceTitle "CBM 137 Extra"]
[Source "ChessBase"]
[SourceDate "2010.09.01"]
[SourceVersion "1"]
[SourceVersionDate "2010.09.01"]
[SourceQuality "1"]

1. e4 c5 2. Nf3 d6 3. d4 cxd4 4. Nxd4 Nf6 5. Nc3 a6 6. Bc4 e6 7. Be3 Nbd7 8. 0-0 Nc5 9. f4 Qc7 10. Bb3 Be7 11. f5 e5 12. Nf3 Ncxe4 13. Nxe4 Nxe4 14. Qd5 Nf6 15. Qxf7+ Kd8 16. Rad1 Bd7 17. Qxg7 Rf8 18. Kh1 1-0

[Event "Gif sur Yvette op 1st"]
[Site "Gif sur Yvette"]
[Date "2010.02.26"]
[Round "7"]
[White "Nguyen, Marc Antoine"]
[Black "Huguet, Etienne"]
[Result "0-1"]
[WhiteElo "2055"]
[BlackElo "1943"]
[PlyCount "118"]
[EventDate "2010.02.21"]
[EventType "swiss"]
[EventRounds "9"]
[EventCountry "FRA"]
[SourceTitle "EXT 2011"]
[Source "ChessBase"]
[SourceDate "2010.11.26"]
[SourceVersion "1"]
[SourceVersionDate "2010.11.26"]
[SourceQuality "1"]

1. e4 c5 2. f4 Nc6 3. Nf3 g6 4. c3 Nf6 5. Qc2 Bg7 6. Be2 0-0 7. d3 d6 8. 0-0 e6 9. Na3 a6 10. Nc4 d5 11. Ne3 d4 12. Nd1 b5 13. Rb1 Bb7 14. Nf2 Rc8 15. e5 Nd5 16. Ne4 Qb6 17. Nd6 Rc7 18. Kh1 Ba8 19. a3 Nd8 20. c4 Ne7 21. Bd2 Nb7 22. Ne4 Qc6 23. Rbc1 bxc4 24. Qxc4 Rfc8 25. b4 Nf5 26. bxc5 Nxc5 27. Nxc5 Qxc5 28. Qxa6 Bb7 29. Qa4 Qb6 30. Rxc7 Rxc7 31. Qe8+ Bf8 32. Bb4 Rc8 33. Qa4 Ra8 34. Qb3 Bd5 35. Qb2 Bh6 36. Ng5 Ne3 37. Rf2 Rb8 38. Bf3 Bf8 39. h4 Bxf3 40. Rxf3 Bxb4 41. axb4 Qxb4 42. Qe2 Rc8 43. Rxe3 dxe3 44. Qxe3 Rd8 45. Nf3 Qb1+ 46. Ne1 Rxd3 47. Qxd3 Qxe1+ 48. Kh2 Qxh4+ 49. Kg1 Qxf4 50. Qc3 Kg7 51. g3 Qe4 52. Kh2 g5 53. Kh3 g4+ 54. Kh4 h6 55. Qc7 Qf5 56. Qd8 Qxe5 57. Kxg4 Qe4+ 58. Kh3 Qh1+ 59. Kg4 f5+ 0-1

[Event "Gif sur Yvette op 1st"]
[Site "Gif sur Yvette"]
[Date "2010.02.24"]
[Round "5"]
[White "Huguet, Etienne"]
[Black "Shirazi, Kamran"]
[Result "1/2-1/2"]
[WhiteElo "1943"]
[BlackElo "2426"]
[PlyCount "121"]
[EventDate "2010.02.21"]
[EventType "swiss"]
[EventRounds "9"]
[EventCountry "FRA"]
[SourceTitle "EXT 2011"]
[Source "ChessBase"]
[SourceDate "2010.11.26"]
[SourceVersion "1"]
[SourceVersionDate "2010.11.26"]
[SourceQuality "1"]

1. d4 Nf6 2. c4 c5 3. Nf3 cxd4 4. Nxd4 Nc6 5. g3 g6 6. Bg2 Bg7 7. 0-0 h5 8. h4 0-0 9. Nc3 d6 10. Nxc6 bxc6 11. b3 d5 12. Bb2 Be6 13. cxd5 cxd5 14. Qd2 Qd7 15. Rfd1 Rfd8 16. e4 Bg4 17. f3 Be6 18. Nxd5 Nxd5 19. Bxg7 Kxg7 20. exd5 Bxd5 21. f4 e6 22. Qd4+ Kg8 23. f5 Qc7 24. fxg6 Bxg2 25. gxf7+ Kh7 26. f8N+ Kg8 27. Nxe6 Qxg3 28. Qf4 Qxf4 29. Rxd8+ Rxd8 30. Nxf4 Bf3 31. Rf1 Bg4 32. Kg2 Kg7 33. Rf2 Rd1 34. Rc2 Kf6 35. Nh3 Bf5 36. Rc6+ Ke5 37. Rc5+ Kf6 38. Ra5 Rd4 39. Ra4 Rxa4 40. bxa4 Bxh3+ 41. Kxh3 Ke5 42. Kg3 Ke4 43. Kf2 a5 44. Ke2 Kf4 45. Kf2 Kg4 46. Ke3 Kxh4 47. Kf4 Kh3 48. Kf3 h4 49. Kf2 Kg4 50. Kg2 Kf4 51. Kh3 Kg5 52. Kg2 Kg4 53. Kh2 Kf4 54. Kh3 Ke4 55. Kxh4 Kd4 56. Kg3 Kc4 57. Kf3 Kb4 58. Ke3 Kxa4 59. Kd3 Ka3 60. Kc4 Kxa2 61. Kb5 1/2-1/2

[Event "Syre Memorial op 32nd"]
[Site "Issy les Moulineaux"]
[Date "2009.05.21"]
[Round "1"]
[White "Lucas, Jean Christian"]
[Black "Huguet, Etienne"]
[Result "1-0"]
[WhiteElo "2108"]
[BlackElo "1920"]
[PlyCount "37"]
[EventDate "2009.05.21"]
[EventType "swiss"]
[EventRounds "6"]
[EventCountry "FRA"]
[SourceTitle "EXT 2010"]
[Source "ChessBase"]
[SourceDate "2010.11.25"]
[SourceVersion "1"]
[SourceVersionDate "2010.11.25"]
[SourceQuality "1"]

1. e4 c5 2. Nf3 d6 3. d4 cxd4 4. Nxd4 Nf6 5. Nc3 a6 6. Bc4 e6 7. Bb3 Nbd7 8. 0-0 Nc5 9. f4 Qc7 10. f5 Be7 11. Qf3 Bd7 12. Be3 0-0-0 13. Rad1 g6 14. Bg5 gxf5 15. exf5 Rhg8 16. fxe6 fxe6 17. Bxf6 Rdf8 18. Qe3 Rxf6 19. Rxf6 1-0